LEADER 03826nam1 22004093i 450 001 BVEE055402 005 20170908093228.0 100 $a20040420d1672 ||||0itac50 ba 101 | $alat 102 $ade 181 1$6z01$ai $bxxxe 182 1$6z01$an 200 1 $aBiblia Testam. Veteris illustrata. In quibus emphases vocum ac mens dictorum genuina è fontibus, contextu, & analogia Scripturae eruuntur: 2. Versiones praecipuae cum Ebraeo textu, vindicata ubique hujus sincerite, conferuntur: ... Praemissis necessariis praeliminaribus, chronico item sacro, tractatu de nummis, poderibus, & mensuris, & tabulis terrae sanctae; ... Opera & studio D. Abraham Calovii, P.P. in Acad. Witeberg. primarii, ... 210 $aFrancofurti ad Moenum$ctypis & sumptibus Balthasaris Christophori Wustii$d1672 215 $a3 v.$dfol 300 $aPrecede il front.: I.N.J 300 $aTit. dell'occhietto: I.N.J. Abraham Calovii Biblia Testam. Veteris illustrata, in quibus simul annotata Hugonis Grotii exhibentur. 463 1$1001BVEE055405$12000 $a˜<<œBiblia Testam. Veteris illustrata. In quibus emphases vocum ac mens dictorum genuina è fontibus, contextu, & analogia Scripturae eruuntur: 2. Versiones praecipuae cum Ebraeo textu, vindicata ubique hujus sincerite, conferuntur: ... Praemissis necessariis praeliminaribus, chronico item sacro, tractatu de nummis, poderibus, & mensuris, & tabulis terrae sanctae; ... Opera & studio D. Abraham Calovii, P.P. in Acad. Witeberg. primarii, ..>> \\1]$v1 463 1$1001BVEE055406$12000 $a˜<<œBiblia Testam. Veteris illustrata. In quibus emphases vocum ac mens dictorum genuina è fontibus, contextu, & analogia Scripturae eruuntur: 2. Versiones praecipuae cum Ebraeo textu, vindicata ubique hujus sincerite, conferuntur: ... Praemissis necessariis praeliminaribus, chronico item sacro, tractatu de nummis, poderibus, & mensuris, & tabulis terrae sanctae; ... Opera & studio D. Abraham Calovii, P.P. in Acad. Witeberg. primarii, ..>> 2$v2 463 1$1001BVEE055407$12000 $a˜<<œBiblia Testam. Veteris illustrata. In quibus emphases vocum ac mens dictorum genuina è fontibus, contextu, & analogia Scripturae eruuntur: 2. Versiones praecipuae cum Ebraeo textu, vindicata ubique hujus sincerite, conferuntur: ... Praemissis necessariis praeliminaribus, chronico item sacro, tractatu de nummis, poderibus, & mensuris, & tabulis terrae sanctae; ... Opera & studio D. Abraham Calovii, P.P. in Acad. Witeberg. primarii, ..>> 3$v3 517 1 $a˜I.N.J. Abraham Calovii D. œBiblia Testam. Veteris illustrata, in quibus simul annotata Hugonis Grotii exhibentur.$9BVEE055403 620 $aDE$dFrancoforte sul Meno$3TSAL001123 700 1$aCalov$b, Abraham$f <1612-ca.1686>$3BVEV069658$4070$0744389 702 1$aGrotius$b, Hugo$3CFIV081853 712 02$aWust, Balthasar Christoph$d <1.>$3TO0V257384$4650 790 1$aCalovius$b, Abraham$3CFIV317487$zCalov, Abraham <1612-ca.1686> 790 1$aGroot$b, Huig : van$3CFIV081849$zGrotius, Hugo 790 1$aGrozio$b, Ugo$3CFIV238485$zGrotius, Hugo 790 1$aGroot$b, Hugo : de$3CFIV241855$zGrotius, Hugo 790 1$aGrocio$b, Hugo$3PUVV328816$zGrotius, Hugo 790 1$aGrotius$b, Ugo$3VEAV044946$zGrotius, Hugo 801 3$aIT$bIT-NA0079$c20040420 850 $aIT-NA0079 912 $aBVEE055402 977 $a BN 996 $aBiblia Testam. Veteris illustrata. In quibus emphases vocum ac mens dictorum genuina è fontibus, contextu, & analogia Scripturae eruuntur: 2. Versiones praecipuae cum Ebraeo textu, vindicata ubique hujus sincerite, conferuntur: ... Praemissis necessariis praeliminaribus, chronico item sacro, tractatu de nummis, poderibus, & mensuris, & tabulis terrae sanctae; ... Opera & studio D. Abraham Calovii, P.P. in Acad. Witeberg. primarii, ..$91482120 997 $aUNISANNIO